000 00346 a2200109 4500
001 ART_27802
005 20260410161949.0
008 260409a
245 1 0 _aHacia un enfoque funcional para el análisis del sistema financiero
100 1 _aCárcamo Díaz, Rodrigo
773 0 _tInvenio
_g- Año 1, Nº 2 (nov. 1998)
_wREV27781
999 _c30235
_d30235